| 000 | 00663nam a22002297a 4500 | ||
|---|---|---|---|
| 003 | OSt | ||
| 005 | 20160504172933.0 | ||
| 008 | 160504s2016 spc 001 f cat d | ||
| 017 | _aDL B. 28079-2015 | ||
| 020 | _a9788497102612 | ||
| 040 |
_bcat _cCDMR |
||
| 100 | 1 |
_aFoix, Lluís, _d1943- |
|
| 245 | 1 | 0 |
_aAquella porta giratòria _cLluís Foix |
| 260 |
_aBarcelona : _bDestino, _c2016 |
||
| 300 |
_a275 p. ; _c24 cm |
||
| 586 | _aPremi Josep Pla 2016 | ||
| 600 | 1 | 7 |
_aFoix, Lluís, _d1943- _2lemac |
| 610 | 2 | 4 |
_aLa Vanguardia (Diari) _xHistòria _91150 |
| 650 | 0 | 4 |
_aPeriodistes _zCatalunya _yS. XX _92273 |
| 650 | 0 | 0 |
_aPremsa _zCatalunya _yS. XX _91545 |
| 942 | _cMON | ||
| 999 |
_c6932 _d6932 |
||